000 00301nam a2200109Ia 4500
008 190216s9999||||xx |||||||||||||| ||und||
100 _aVarma M M & Agarwal R K
245 0 _aPersonnel Management And Industrial Relations
260 _bNew Central Book Agencies
_c2000
300 _a345p
942 _cBK
999 _c5698
_d5698